| 000 | 01455nam a2200361 c 4500 | ||
|---|---|---|---|
| 003 | BLK | ||
| 005 | 20250712163653.0 | ||
| 008 | 180410b bul|||||r ||||||| ||bul|| | ||
| 010 | _aKNG00169298000 | ||
| 020 |
_a978-619-164-129-1 _bиздат.: Enthusiast |
||
| 040 | _aBLK | ||
| 041 |
_aBUL _cBUL |
||
| 072 | 7 |
_2bullib _aН83 _xЧужда художествена литература Н |
|
| 080 |
_aАмериканска литература (на САЩ) _b821.111(73) _x-31 _z821.111(73)-31 |
||
| 100 | 1 |
_aБраун, Дженифър _eпърви автор _9335412 |
|
| 700 | 1 |
_aТерзиева, Маргарита Александрова _eпрев. от англ. _9367690 |
|
| 139 |
_aБраун, Дженифър _bБ 78 |
||
| 245 | 1 | 0 |
_aСписъкът на омразата _bРоман _cДженифър Браун; прев. от англ. Маргарита Александрова Терзиева. |
| 257 | _aUSA | ||
| 260 |
_аСофия _bEnthusiast _c2014 _fВарна : Хеликс прес |
||
| 300 |
_a344 с. _c21 см |
||
| 380 | _aX | ||
| 490 | 1 | _aTeen's Books | |
| 500 | _aОриг. загл. Hate List / Jennifer Brown. | ||
| 653 | _aромани | ||
| 659 | _aН | ||
| 852 | _aЦб 272068 | ||
| 856 | 4 |
_qpdf _u |
|
| 856 | 4 |
_qpdf _u |
|
| 942 |
_cKNG _n0 _017 |
||
| 944 |
_aCR _c09.01.2015 _lГеновева Генчева _k30560 |
||
| 944 |
_aED _c09.06.2017 _lф / _kЛюдмила_Стоянова |
||
| 999 |
_c161936 _d161936 |
||